| 000 | 00399cam a2200157ua 4500 | ||
|---|---|---|---|
| 041 |
_aeng _h |
||
| 082 |
_a621.433 _bSHE/IN |
||
| 100 | _aShepherd, D G . | ||
| 245 |
_aIntroduction to the gas turbine / _cD G Shepherd. _hTextual Documents |
||
| 250 |
_a1 / _b. |
||
| 260 |
_aLondon : _bConstable and Company Ltd , _c1960. |
||
| 300 | _a300 ; . | ||
| 504 | _a | ||
| 942 | _cBK | ||
| 999 |
_c5630 _d5630 |
||